00680nam a2200157Ia 4500999001700000082002000017245013700037260008200174300001700256504001400273650001800287650002300305710006600328942000700394952012100401 c18392d18392 aRR 079.54 IND-; 0aPress in India 1982: twentysixth report of the registrar of newspapers for India under the press and registration of books act, 1867 aNew DelhibMinistry of information and broadcasting Government of Indiac1982 aviii, 1167p. aRef. book aPress - India aIndia - Newspapers aGovernment of India. Ministry of Information and Broadcasting cBK 00104070aNASSDOCbNASSDOCd2004-06-08i2004-10-22l0oRR 079.54 IND-;p18283r2019-04-18 00:00:00w2019-04-18yBK